Представление документа в формате MARC21

ПолеНазваниеЗначение
  Тип записи a
  Библиографический уровень m
001 Контрольный номер RU\infra-m\znanium\bibl\2255707
005 Дата корректировки 20260429142213.7
008 Кодируемые данные 260428s2026 RU g rus u
020 Индекс ISBN __
a ISBN 978-5-16-014612-6
020 Индекс ISBN __
a ISBN 978-5-16-109083-1 (электр. издание)
040 Источник каталогиз. __
a Служба первич. каталог. Общество с ограниченной ответственностью «ЗНАНИУМ»
041 Код языка издания __
a Код языка текста rus
044 Код страны публикации __
a Код страны публикации RU
080 Индекс УДК __
a Индекс УДК 658.56(075.32)
084 Индекс другой классификации/Индекс ББК __
2 Источник индекса rubbk
a Индекс другой классификации/Индекс ББК 65.2/4-80я723
084 Индекс другой классификации/Индекс ББК __
2 Источник индекса okso
a Индекс другой классификации/Индекс ББК 27.02.01
084 Индекс другой классификации/Индекс ББК __
2 Источник индекса okso
a Индекс другой классификации/Индекс ББК 27.02.02
084 Индекс другой классификации/Индекс ББК __
2 Источник индекса okso
a Индекс другой классификации/Индекс ББК 27.02.03
084 Индекс другой классификации/Индекс ББК __
2 Источник индекса okso
a Индекс другой классификации/Индекс ББК 27.02.04
084 Индекс другой классификации/Индекс ББК __
2 Источник индекса okso
a Индекс другой классификации/Индекс ББК 27.02.05
084 Индекс другой классификации/Индекс ББК __
2 Источник индекса okso
a Индекс другой классификации/Индекс ББК 27.02.06
084 Индекс другой классификации/Индекс ББК __
2 Источник индекса okso
a Индекс другой классификации/Индекс ББК 27.02.07
084 Индекс другой классификации/Индекс ББК __
2 Источник индекса okso
a Индекс другой классификации/Индекс ББК 38.02.01
084 Индекс другой классификации/Индекс ББК __
2 Источник индекса okso
a Индекс другой классификации/Индекс ББК 38.02.02
084 Индекс другой классификации/Индекс ББК __
2 Источник индекса okso
a Индекс другой классификации/Индекс ББК 38.02.03
084 Индекс другой классификации/Индекс ББК __
2 Источник индекса okso
a Индекс другой классификации/Индекс ББК 38.02.06
084 Индекс другой классификации/Индекс ББК __
2 Источник индекса okso
a Индекс другой классификации/Индекс ББК 38.02.07
084 Индекс другой классификации/Индекс ББК __
2 Источник индекса okso
a Индекс другой классификации/Индекс ББК 38.02.08
100 Автор __
a Автор Магер В.Е.
q Полное имя Магер Владимир Евстафьевич
u Дополнение Санкт-Петербургский политехнический университет Петра Великого
245 Заглавие __
a Заглавие Управление качеством
b Продолж. заглавия Учебное пособие
c Ответственность Санкт-Петербургский политехнический университет Петра Великого
250 Сведения об издании __
a Основные сведения об издании 1
260 Выходные данные __
a Место издания Москва
b Издательство ООО "Научно-издательский центр ИНФРА-М"
c Дата издания 2026
300 Физическое описание __
a Объем 176 с.
440 Серия __
a Серия Среднее профессиональное образование
520 Аннотация __
a Аннотация Излагаются вопросы связанные с концептуальным обоснованием необходимости применения управления качеством в организациях любых сфер деятельности. Приводятся сведения о развитии подходов и философии всеобщего управления качеством лежащих в основе совершенствования организаций. Большое внимание уделяется человеческому фактору играющему приоритетную роль в повышении качества деятельности организаций. Особое место отводится вопросам мотивации. Приводятся конкретные рекомендации и примеры иллюстрирующие процесс внедрения методик управления качеством в организации. Для студентов учреждений среднего профессионального образования обучающихся по УГС 27.02.00 «Управление в технических системах» 38.02.00 «Экономика и управление».
521 Примеч. о цел. назн. __
a Примеч. о целев. назн. Среднее профессиональное образование
650 Тематические рубрики __
a Основная рубрика Управление (менеджмент)
x Основная подрубрика Управление качеством. Квалиметрия
655 Указ. предметных рубрик (устаревшее) __
a Жанр/ форма (устаревшее) Учебное пособие
856 Электронный адрес документа 4_
a Имя сервера/домена znanium.ru
m Помощь ebs_support@infra-m.ru
n Местонахождение сервера НИЦ ИНФРА-М
u URL https://znanium.ru/catalog/document?id=482086
856 Электронный адрес документа 48
a Имя сервера/домена znanium.ru
d Путь /cover/2255
f Электронное имя 2255707.jpg
q Тип электронного формата image/jpeg
u URL https://znanium.ru/cover/2255/2255707.jpg
911 __
u 0030=https://znanium.ru/catalog/document?id=482086